| 000 | 01278nam a22003617a 4500 | ||
|---|---|---|---|
| 001 | 0006703 | ||
| 003 | KOHA_MİRAKIL | ||
| 005 | 20260207001530.0 | ||
| 007 | ta | ||
| 008 | 090818b1997 tu |||gr||||#||||1|tur | | ||
| 020 |
_a9751608511 _c0,01 |
||
| 040 |
_aTR-BiSEU _btur _cTR-BiSEU _erda |
||
| 041 | 0 | _atur | |
| 044 | _ctu | ||
| 050 |
_aPL334.A83 _bK37 1997 |
||
| 100 | 1 | _aKara, Mehmet. | |
| 245 | 1 |
_aAta Atacanov'un şiirleri/ _cMehmet Kara ; Mehmet Kara. |
|
| 264 | 1 |
_aAnkara : _bAtatürk Kültür, Dil ve Tarih Yüksek Kurumu _c1997 |
|
| 300 | _a2 c. | ||
| 336 |
_ametin _btxt _2rdacontent |
||
| 337 |
_aaracısız _bn _2rdamedia |
||
| 338 |
_acilt _bnc _2rdacarrier |
||
| 490 | 1 | _aAtatürk Kültür, Dil ve Tarih Yüksek Kurumu. | |
| 490 | 1 |
_aTürk Dil Kurumu yayınları ; _v671/1 |
|
| 500 | _a1.c. Giriş, metin, aktarma 2.c. İnceleme, gramer. | ||
| 650 | 0 |
_aAtacanov, Ata, 1922-1989--Criticismand interpretation. _916561 |
|
| 650 | 0 |
_aAtacanov, Ata, 1922-1989--Biography. _916562 |
|
| 650 | 0 |
_aAtacanov, Ata, 1922-1989--Kritik ve yorum. _916563 |
|
| 650 | 0 |
_aAtacanov, Ata, 1922-1989--Biyografi. _916564 |
|
| 830 | 1 |
_aAtatürk Kültür, Dil ve Tarih Yüksek Kurumu. _96683 |
|
| 830 | 1 |
_aTürk Dil Kurumu yayınları ; _v671/1 _95565 |
|
| 942 |
_2lcc _cBK |
||
| 999 |
_c6684 _d6684 |
||